[Event "YFO-ch (Women)"]
[Site "Nebug"]
[Date "2016.03.12"]
[Round "8"]
[White "Serditykh, Olesya"]
[Black "Ekhaeva, Polina"]
[Result "0-1"]
[WhiteElo "1749"]
[BlackElo "2003"]
[PlyCount "80"]
[EventDate "2016.03.05"]
[EventType "swiss"]
[EventRounds "9"]
[EventCountry "RUS"]
[SourceTitle "CBM 171 Extra"]
[Source "ChessBase"]
[SourceDate "2016.04.26"]
[SourceVersion "1"]
[SourceVersionDate "2016.04.26"]
[SourceQuality "1"]

1. d4 d5 2. Nf3 Nf6 3. c4 c6 4. Nc3 e6 5. Bg5 Nbd7 6. e3 dxc4 7. Bxc4 Qa5 8. Bxf6 Nxf6 9. 0-0 Bb4 10. Qb3 0-0 11. a3 Be7 12. Qc2 Qh5 13. e4 Rd8 14. Bd3 e5 15. Ne2 exd4 16. e5 Nd5 17. Ng3 Qh6 18. Nxd4 g6 19. Bc4 Qf4 20. Nf3 Bg4 21. Be2 Bxf3 22. Bxf3 Qxe5 23. Rfe1 Qf6 24. Rad1 Rac8 25. Qb3 Bf8 26. Bxd5 cxd5 27. Rxd5 Rxd5 28. Qxd5 Qxb2 29. Ne4 Bxa3 30. Qd7 Rf8 31. h3 a5 32. Rd1 b6 33. Qc6 Kg7 34. Qd7 h6 35. Nd2 Bc5 36. Ne4 Qe5 37. Qd3 a4 38. Nc3 a3 39. Qc2 Bd4 40. Ne2 Bb2 0-1

[Event "YFO-ch (Women)"]
[Site "Nebug"]
[Date "2016.03.10"]
[Round "6"]
[White "Melenchuk, Olga"]
[Black "Serditykh, Olesya"]
[Result "1/2-1/2"]
[WhiteElo "1330"]
[BlackElo "1749"]
[PlyCount "140"]
[EventDate "2016.03.05"]
[EventType "swiss"]
[EventRounds "9"]
[EventCountry "RUS"]
[SourceTitle "CBM 171 Extra"]
[Source "ChessBase"]
[SourceDate "2016.04.26"]
[SourceVersion "1"]
[SourceVersionDate "2016.04.26"]
[SourceQuality "1"]

1. c4 e5 2. Nc3 Nf6 3. Nf3 Nc6 4. e3 Bb4 5. Qc2 Bxc3 6. Qxc3 Qe7 7. a3 0-0 8. b4 d5 9. b5 d4 10. Qb2 Nb8 11. Be2 d3 12. Bd1 e4 13. Nd4 Be6 14. Bb3 Nbd7 15. 0-0 Nc5 16. a4 Nfd7 17. Qc3 Nxb3 18. Qxb3 Rfe8 19. Ba3 Qg5 20. Kh1 Qh5 21. Rac1 Ne5 22. f3 exf3 23. Nxf3 Bg4 24. Nxe5 Rxe5 25. Rf2 Be2 26. Qc3 Rf5 27. Rxf5 Qxf5 28. Bb2 f6 29. Qd4 Kh8 30. Qd5 Qc8 31. h3 a6 32. Qe4 c6 33. Kg1 Qd7 34. bxc6 bxc6 35. c5 Re8 36. Qb4 h6 37. Qd4 Qb7 38. Rc4 Rb8 39. Bc3 Qb1+ 40. Kh2 Qf1 41. Qf4 Qxf4+ 42. Rxf4 Rb3 43. Rd4 Ra3 44. Kg3 Kg8 45. Kf4 Bd1 46. a5 Ra4 47. Rxa4 Bxa4 48. Ke4 Bb5 49. Kf5 Kf7 50. g4 g6+ 51. Kf4 Ke6 52. e4 Bc4 53. Ke3 Bb5 54. Kd4 f5 55. gxf5+ gxf5 56. e5 Kf7 57. Ke3 Ke6 58. Kf4 Bc4 59. Ke3 Bb5 60. h4 Bc4 61. h5 Bb3 62. Kf3 Bd1+ 63. Ke3 Bxh5 64. Kxd3 Bd1 65. Ke3 Bh5 66. Kf4 Be2 67. d4 Bd3 68. Bd2 Be4 69. Kg3 h5 70. Kh4 Bf3 1/2-1/2

[Event "YFO-ch (Women)"]
[Site "Nebug"]
[Date "2016.03.07"]
[Round "3"]
[White "Serditykh, Olesya"]
[Black "Sukhareva, Evgenia"]
[Result "0-1"]
[WhiteElo "1749"]
[BlackElo "2138"]
[PlyCount "112"]
[EventDate "2016.03.05"]
[EventType "swiss"]
[EventRounds "9"]
[EventCountry "RUS"]
[SourceTitle "CBM 171 Extra"]
[Source "ChessBase"]
[SourceDate "2016.04.26"]
[SourceVersion "1"]
[SourceVersionDate "2016.04.26"]
[SourceQuality "1"]

1. d4 Nf6 2. Nf3 d5 3. c4 e6 4. Nc3 a6 5. Bg5 dxc4 6. e4 b5 7. e5 h6 8. Bh4 g5 9. Nxg5 hxg5 10. Bxg5 Nbd7 11. exf6 Bb7 12. d5 Nc5 13. dxe6 Qxd1+ 14. Rxd1 Nxe6 15. Be3 Bd6 16. h4 Be5 17. Rh3 Bxf6 18. h5 c5 19. f4 Nd4 20. g4 0-0-0 21. Kf2 Bc6 22. g5 Be7 23. Bg2 Kc7 24. Bxc6 Kxc6 25. Rg1 Nf5 26. Bc1 Bf8 27. h6 Bg7 28. Ne2 Bd4+ 29. Nxd4+ cxd4 30. h7 b4 31. g6 fxg6 32. Rxg6+ Kb7 33. Rg5 Rdf8 34. Rhh5 Nd6 35. Rg7+ Rf7 36. Rxf7+ Nxf7 37. b3 c3 38. Ke2 Re8+ 39. Kd3 Re1 40. Kc2 d3+ 41. Kxd3 Rxc1 42. h8Q Nxh8 43. Rxh8 Rd1+ 44. Kc2 Rd2+ 45. Kb1 Rb2+ 46. Ka1 Rf2 47. Kb1 Rf1+ 48. Kc2 Ra1 49. f5 Rxa2+ 50. Kc1 Rf2 51. Rh4 a5 52. Rh5 Kc7 53. f6 Rxf6 54. Rxa5 Rf1+ 55. Kc2 Rf2+ 56. Kc1 Rb2 0-1

[Event "Moscow op-B (Women)"]
[Site "Moscow"]
[Date "2016.02.04"]
[Round "6"]
[White "Serditykh, Olesya"]
[Black "Borisova, Ekaterina"]
[Result "0-1"]
[WhiteElo "1749"]
[BlackElo "2080"]
[PlyCount "74"]
[EventDate "2016.01.30"]
[EventType "swiss"]
[EventRounds "9"]
[EventCountry "RUS"]
[SourceTitle "CBM 170 Extra"]
[Source "ChessBase"]
[SourceDate "2016.02.25"]
[SourceVersion "1"]
[SourceVersionDate "2016.02.25"]
[SourceQuality "1"]

1. d4 d5 2. Nf3 Nf6 3. c4 c6 4. Nc3 a6 5. cxd5 cxd5 6. Bf4 Nc6 7. e3 e6 8. Bd3 Bd6 9. Bg3 0-0 10. 0-0 b5 11. Rc1 Bb7 12. Nd2 Bxg3 13. hxg3 e5 14. Nb3 e4 15. Nc5 Bc8 16. Be2 Qd6 17. a3 Na5 18. b4 Nc4 19. a4 Bd7 20. a5 g6 21. Rb1 Rab8 22. Rb3 h5 23. Nxd7 Nxd7 24. Bxc4 bxc4 25. Rb2 Rxb4 26. Rxb4 Qxb4 27. Nxd5 Qxa5 28. Ne7+ Kh7 29. d5 Qc5 30. Nc6 Nb6 31. Qd4 Qxd4 32. Nxd4 Nxd5 33. Ra1 Nb4 34. Ra4 Rb8 35. Ra3 Nd3 36. Rxa6 Rb1+ 37. Kh2 Nxf2 0-1

[Event "Moscow op-B (Women)"]
[Site "Moscow"]
[Date "2016.02.02"]
[Round "4"]
[White "Milovanova, Maria"]
[Black "Serditykh, Olesya"]
[Result "0-1"]
[WhiteElo "1916"]
[BlackElo "1749"]
[PlyCount "140"]
[EventDate "2016.01.30"]
[EventType "swiss"]
[EventRounds "9"]
[EventCountry "RUS"]
[SourceTitle "CBM 170 Extra"]
[Source "ChessBase"]
[SourceDate "2016.02.25"]
[SourceVersion "1"]
[SourceVersionDate "2016.02.25"]
[SourceQuality "1"]

1. d4 d5 2. c4 c6 3. Nc3 Nf6 4. Nf3 dxc4 5. a4 Bf5 6. e3 e6 7. Bxc4 Bb4 8. 0-0 0-0 9. Qe2 Bg6 10. Ne5 Nbd7 11. Nxg6 hxg6 12. Rd1 Qa5 13. Bd2 Rac8 14. e4 e5 15. d5 Nb6 16. Bb3 cxd5 17. exd5 Nbd7 18. Qb5 a6 19. Qxa5 Bxa5 20. Rac1 Rfd8 21. Bg5 Nc5 22. Bxf6 gxf6 23. Bc2 Kg7 24. Ne4 Nxe4 25. Bxe4 Rxc1 26. Rxc1 f5 27. Bb1 Rxd5 28. f3 Rd2 29. b3 Bb6+ 30. Kh1 Rb2 31. Re1 Rxb3 32. h3 Bd4 33. Bc2 Rb2 34. Bd3 Rb4 35. Bc2 b5 36. axb5 axb5 37. Rb1 Rxb1+ 38. Bxb1 f6 39. g3 Kf7 40. Kg2 Ke6 41. Bd3 b4 42. Bc4+ Kd6 43. Kf1 e4 44. Ke2 Be5 45. g4 exf3+ 46. Kxf3 fxg4+ 47. hxg4 Ke7 48. Ke4 Kf8 49. Bb3 Kg7 50. g5 Bc3 51. gxf6+ Kxf6 52. Kf4 g5+ 53. Ke4 Bd2 54. Bd1 Ke6 55. Bb3+ Kd6 56. Kd3 Be1 57. Bd1 Ke5 58. Ke3 Kf5 59. Bc2+ Kg4 60. Bb3 Kg3 61. Ke4 g4 62. Be6 Kh4 63. Kf4 Bd2+ 64. Ke4 g3 65. Kf3 Be1 66. Kg2 Kg5 67. Kf1 Bf2 68. Ke2 Kf4 69. Bf7 Bc5 70. Kf1 Ke3 0-1